00938cam a2200313 a 450000100090000000300170000900500170002600800410004301000170008402000220010102000250012304000130014804300120016105000230017310000220019624500880021824600190030625000120032526000300033730000290036750000200039660000190041665000300043565000370046565000310050270000290053370000280056270000340059016042834KTL1885 SHA 200620210608095740.0100106s2006 sa 001 0 eng  a 2009404588 a0702173010 (pbk.) a9780702173011 (pbk.) aDLCcDLC af-sa---00aKTL1885b.D43 20061 aSharrock, Robert.10aHockly's insolvency law /cRobert Sharrock, Kathleen van der Linde, Alastair Smith.30aInsolvency law a8th ed. aCape Town :bJuta,c2006. axlviii, 416 p. ;c25 cm. aIncludes index. 2Insolvancy law 0aBankruptcyzSouth Africa. 0aComposition (Law)zSouth Africa. 0aLiquidationzSouth Africa.1 aVan der Linde, Kathleen.1 aSmith, Alastair,d1957-1 aHockly, Harold Edward,d1897-